Urban water supply (Record no. 78586)
[ view plain ]
| 000 -LEADER | |
|---|---|
| fixed length control field | 01183nam a2200217 a 4500 |
| 008 - FIXED-LENGTH DATA ELEMENTS--GENERAL INFORMATION | |
| fixed length control field | 080925s1994 ||||||||||||||||| || u |
| 020 ## - INTERNATIONAL STANDARD BOOK NUMBER | |
| International Standard Book Number | 8170332046 |
| 050 ## - LIBRARY OF CONGRESS CALL NUMBER | |
| Classification number | HD 4465.15 Urb |
| 245 00 - TITLE STATEMENT | |
| Title | Urban water supply |
| Statement of responsibility, etc. | N. L. Gupta |
| 260 ## - PUBLICATION, DISTRIBUTION, ETC. | |
| Place of publication, distribution, etc. | New Delhi |
| Name of publisher, distributor, etc. | Rewat Publications |
| Date of publication, distribution, etc. | 1994 |
| 300 ## - PHYSICAL DESCRIPTION | |
| Extent | x, 332p.: ills. |
| 350 ## - | |
| -- | 55000.00 |
| 650 ## - SUBJECT ADDED ENTRY--TOPICAL TERM | |
| Topical term or geographic name entry element | WATER SUPPLY -- INDIA |
| 650 ## - SUBJECT ADDED ENTRY--TOPICAL TERM | |
| Topical term or geographic name entry element | WATER SUPPLY -- URBAN |
| 650 ## - SUBJECT ADDED ENTRY--TOPICAL TERM | |
| Topical term or geographic name entry element | MUNICIPAL WATER SUPPLY -- INDIA |
| 650 ## - SUBJECT ADDED ENTRY--TOPICAL TERM | |
| Topical term or geographic name entry element | WATER |
| 995 ## - | |
| -- | ANNEX COLLECTION (Main Library) |
| -- | 0.00 |
| -- | 738706 |
| -- | CBU-MAIN LIBRARY (Kitwe) |
| -- | 1 |
| -- | 0.00 |
| -- | HD 4465.15 URB |
| -- | 3 |
| -- | AVAILABLE |
| -- | Sep 25, 2008 |
| -- | 738706 |
| -- | Annex Low-Usage Collection |
| 995 ## - | |
| -- | MAIN LIBRARY OPEN ACCESS |
| -- | 0.00 |
| -- | 738705 |
| -- | CBU-MAIN LIBRARY (Kitwe) |
| -- | 1 |
| -- | 0.00 |
| -- | HD 4465.15 URB |
| -- | 2 |
| -- | AVAILABLE |
| -- | Sep 25, 2008 |
| -- | 738705 |
| -- | Main Library Open Access Collection |
| 995 ## - | |
| -- | MAIN LIBRARY OPEN ACCESS |
| -- | 0.00 |
| -- | 738707 |
| -- | CBU-MAIN LIBRARY (Kitwe) |
| -- | 1 |
| -- | 0.00 |
| -- | HD 4465.15 URB |
| -- | 4 |
| -- | AVAILABLE |
| -- | Sep 25, 2008 |
| -- | 738707 |
| -- | Main Library Open Access Collection |
| 995 ## - | |
| -- | ANNEX COLLECTION (Main Library) |
| -- | 0.00 |
| -- | 738704 |
| -- | CBU-MAIN LIBRARY (Kitwe) |
| -- | 1 |
| -- | 0.00 |
| -- | HD 4465.15 URB |
| -- | 1 |
| -- | AVAILABLE |
| -- | Sep 25, 2008 |
| -- | 738704 |
| -- | Annex Low-Usage Collection |
| 999 ## - | |
| -- | 78586 |
| -- | 78586 |
| Withdrawn status | Lost status | Source of classification or shelving scheme | Damaged status | Not for loan | Permanent Location | Current Location | Shelving location | Date acquired | Total Checkouts | Full call number | Barcode | Date last seen | Copy number | Price effective from | Koha item type |
|---|---|---|---|---|---|---|---|---|---|---|---|---|---|---|---|
| CBU-MAIN LIBRARY, KITWE. | CBU-MAIN LIBRARY, KITWE. | 05/17/2023 | HD 4465.15 Urb | 738706 | 05/17/2023 | 1 | 05/17/2023 | MONOGRAPH | |||||||
| CBU-MAIN LIBRARY, KITWE. | CBU-MAIN LIBRARY, KITWE. | 05/17/2023 | HD 4465.15 Urb | 738705 | 05/17/2023 | 2 | 05/17/2023 | MONOGRAPH | |||||||
| CBU-MAIN LIBRARY, KITWE. | CBU-MAIN LIBRARY, KITWE. | 05/17/2023 | HD 4465.15 Urb | 738707 | 05/17/2023 | 3 | 05/17/2023 | MONOGRAPH | |||||||
| CBU-MAIN LIBRARY, KITWE. | CBU-MAIN LIBRARY, KITWE. | 05/17/2023 | HD 4465.15 Urb | 738704 | 05/17/2023 | 4 | 05/17/2023 | MONOGRAPH |